000 00359nam a2200133Ia 4500
008 220217s9999||||xx |||||||||||||| ||und||
020 _a81-902026-1-8
082 _a658 GMA
100 _aGMAT-CD
245 0 _aAll about GMAT computer based test
260 _aMicrsoft windows XP
_bNew Delhi
_c2008
300 _b329
650 _aEXAM BOOKS/GRE/CAT/GATE
999 _c176931
_d176931